Skiffle kontra

Corporate Author: Traxleři (hudební skupina)
Other Authors: Plodrová, Blanka, Zahrynowská, Milena, 1941-1986, Haničinec, Petr, 1930-2007, Skiffle kontra (hudební skupina)
Language: Czech
Published: Praha : Bonton Music, p1968, p1996
Physical Description: 1 CD : AAD ; 12 cm + 1 brožura [8 s.].
Audio
Saved in:
LEADER 01782njm a2200493 a 4500
001 000278205
003 CZ BrMZK
005 20210129115316.0
008 950101s1994 xr f cze d
028 0 3 |a 71 0337-2  |b Bonton Music 
040 |a BOA001  |b cze 
080 |a 784.4.03(086.7)  |2 MRF 
110 2 |a Traxleři (hudební skupina)  |7 ko20010094288  |4 prf 
245 1 0 |a Skiffle kontra  |h [zvukový záznam] /  |c Traxleři. 
246 3 3 |a Trubadúří píseň 
246 3 3 |a Zmítán láskou 
246 3 3 |a Šel jsem včera večer tiše k zapadáku 
246 3 3 |a A když se ozve pískání kosa 
246 3 3 |a Harlekýn 
246 3 3 |a Hrál mladý cikán pod zámkem 
246 3 3 |a Já půjdu za holkou 
246 3 3 |a Kajícník 
246 3 3 |a Měla šaty z krepového papíru 
246 3 3 |a Na půlnoční straně 
246 3 3 |a Nevěrnice a samobijkyně 
246 3 3 |a Popěvek 
246 3 3 |a Stará panna 
246 3 3 |a Touha po shledání 
260 |a Praha :  |b Bonton Music,  |c p1968, p1996 
300 |a 1 CD :  |b AAD ;  |c 12 cm +  |e 1 brožura [8 s.]. 
306 |a 004310 
500 |a Durata 43:10 
500 |a Nahr. neuv 
505 2 |a Nevěrnice a samobijkyně, Trubadúří píseň, Kajícník ... [et al.] 
511 0 |a Blanka Plodrová, zobcová flétna; Milena Zahrynovská, zpěv; Petr Haničinec, zpěv 
653 0 |a folková hudba 
700 1 |a Plodrová, Blanka  |4 prf 
700 1 |a Zahrynowská, Milena,  |d 1941-1986  |7 mzk2013748432  |4 prf 
700 1 |a Haničinec, Petr,  |d 1930-2007  |7 jn19981001403  |4 prf 
710 2 |a Skiffle kontra (hudební skupina)  |7 kn20010710303  |4 prf 
910 |a BOA001  |b CD-0005.490 
964 |a Hudba folková  |x CD 
990 |a AV 
996 6 |b 261H005691  |c CD-0005.490  |l MZK  |r Sklad / do 24 hodin  |n 1  |p p.v.  |w 000278205  |u 000010  |a 1  |e BOA001  |j MZK50  |s P